000 00286nam a22001097a 4500
082 _a823/BAS
100 _aBasu, Samaresh
_979655
245 _aTwelve Great Short Stories From Bengal Rabindranath
260 _aKolkata
_bTowards Freedom
_c2018
650 _aStories
_979656
942 _cBK
999 _c63289
_d63289